=LDR 00000nam 2200000 4500 =001 INLIS000000000014713 =005 20130612110007 =008 ***********************************Ind** =035 ##$$0010-061300000014713 =041 ##$$a Ind =082 ##$$a 600 =090 ##$$a 600, Mar j =100 ##$$a Mary =245 ##$$a Jendela Iptek 13, Ruang dan waktu, Mary dan jhon Gribbin =260 ##$$a 2000 $b Jakarta =300 ##$$a 64, hlm, Ilus, 30 cm =650 ##$$a Tehnologi dan Sains =850 ##$$a NBPNMAT